Legia Warszawa - Statystyki

Ogólne statystyki
  • Ten quiz został rozwiązany 270 razy
  • Średni wynik to 24 z 61
Statystyki odpowiedzi
Odpowiedź Liga Klub % Poprawnych
Kosa Ekstraklasa Lech Poznań
92%
Zgoda Ekstraklasa Radomiak Radom
87%
Zgoda 1 Liga Zagłębie Sosnowiec
84%
Zgoda 2 Liga Olimpia Elbląg
75%
Kosa Ekstraklasa Widzew Łódź
75%
Zgoda Holandia ADO Den Haag
74%
Kosa 1 Liga Arka Gdynia
73%
Kosa 1 Liga Wisła Kraków
72%
Kosa Ekstraklasa ŁKS Łódź
69%
Kosa Ekstraklasa Jagiellonia Białystok
68%
Kosa 1 Liga Lechia Gdańsk
68%
Kosa Ekstraklasa Ruch Chorzów
67%
Kosa Ekstraklasa Górnik Zabrze
66%
Kosa Ekstraklasa Cracovia
65%
Kosa 1 Liga Polonia Warszawa
63%
Kosa Ekstraklasa Śląsk Wrocław
63%
Kosa Ekstraklasa Zagłębie Lubin
58%
Kosa 1 Liga GKS Katowice
52%
Kosa Ekstraklasa Korona Kielce
52%
Kosa Ekstraklasa Raków Częstochowa
52%
Kosa 1 Liga Wisła Płock
51%
Kosa 1 Liga Motor Lublin
50%
Kosa Ekstraklasa Piast Gliwice
50%
Kosa Ekstraklasa Warta Poznań
49%
Kosa Ekstraklasa Stal Mielec
46%
Kosa Szkocja Celtic
42%
Kpsa 3 Liga Elana Toruń
39%
Kosa Rosja Spartak Moskwa
39%
Kosa Chorwacja Dinamo Zagrzeb
38%
Kosa Ukraina Dynamo Kijów
38%
Kosa Szkocja Rangers
38%
Kosa 3 Liga Zawisza Bydgoszcz
37%
Kosa Holandia Ajax Amsterdam
36%
Kosa 2 Liga Stomil Olsztyn
36%
Kosa 2 Liga Polonia Bytom
34%
Kosa 1 Liga Stal Rzeszów
34%
Kosa 1 Liga Miedź Legnica
33%
Kosa 1 Liga GKS Tychy
32%
Kosa 1 Liga Resovia Rzeszów
30%
Kosa 1 Liga Górnik Łęczna
29%
Kosa 2 Liga Sandecja Nowy Sącz
26%
Kosa Włochy Napoli
25%
Kosa 2 Liga KKS Kalisz
24%
Kosa Włochy Lazio Rzym
21%
Kosa 2 Liga Hutnik Kraków
20%
Kosa 3 Liga KSZO Ostrowiec
18%
Kosa 4 Liga Broń Radom
17%
Kosa 3 Liga Stal Stalowa Wola
16%
Kosa Słowacja Spartak Trnava
13%
Kosa 2 Liga GKS Jastrzębie
11%
Kosa Nie Istnieje Gwardia Warszawa
11%
Kosa Hiszpania Real Saragossa
11%
Kosa 3 Liga Avia Świdnik
8%
Kosa 3 Liga Hetman Zamość
8%
Kosa 3 Liga Unia Tarnów
8%
Kosa 3 Liga Chełmianka Chełm
5%
Kosa 3 Liga Karpaty Krosno
5%
Kosa 4 Liga Polonia Przemyśl
4%
Kosa 4 Liga Tarnovia Tarnów
4%
Kosa Okręgówka Stal Bielsko-Biała
3%
Kosa 5 Liga Powiślanka Lipsko
2%
Nie znaleziono quizów pasujących do podanych kryteriów
Rozkład punktacji
Procent ludzi z każdym wynikiem
Percentyl według liczby udzielonych odpowiedzi
Twoja historia wyników
Nie rozwiązałeś tego quizu